000 01334cam a22003497a 4500
003 CHAP
005 20220329141329.0
008 971013s1982 r 00010 d
010 _a66511
011 _a67483
035 _a76953
040 _cCHAP
090 _aTesis
100 0 0 _aNava Nava, Raúl.
_980460
245 0 _aContribución al estudio de los métodos de control de roedores (Rattus rattus; Rattus norvegicus y Mus musculus) más comunmente utilizados en México y los recomendados por organismos internacionales : primera parte (Revisión biliogràfica)
260 _aMéxico, D. F. :
_bEl autor,
_c1982
300 _a120 h.
502 _aTesis (Médico Veterinario Zootecnista) -- UNAM. Fac. de Medicina Veterinaria y Zootecnia
590 _aALEPH
_b10
_c20130110
_lUCH01
_h1401
590 _aBATCH-UPD
_b10
_c20130110
_lUCH01
_h0650
590 _aBATCH-UPD
_b10
_c20130110
_lUCH01
_h2351
590 _aBATCH-UPD
_b10
_c20130410
_lUCH01
_h0334
590 _aBATCH-UPD
_b10
_c20130914
_lUCH01
_h1042
590 _aCONVERSION
_b10
_c20130109
_lUCH01
_h1337
650 1 4 _aControl de plagas.
_927595
650 1 4 _aRodenticidas.
_998242
650 1 4 _aRoedores
_xExterminio.
_999029
700 0 _aVelasco Said, Gerardo Alejandro.
_9118438
901 _aBK
942 _cTESIS
949 _bBC
_cTES
_d-29812
_eTS1
_h21371
_i76953
_si
999 _c66511
_d66511